Aktuálne problémy verejnej správy v stredoeurópskych krajinách združených v Európskej únií (s akcentom na státní správu)

Štruktúra návrhu koncepcie reformy verejnej správy je v súlade so súčasnou európskou koncepciou reforiem verejnej správy. Ťažisko koncepcie reformy verejnej správy. Podmienky úspešnosti reformy verejnej správy v Českej republike. Decentralizácia vo svetle súčasných európskych trendov. Hlavné problém...

Descrizione completa

Salvato in:
Dettagli Bibliografici
Autore principale: Březina, Milan
Altri autori: Tŕos, Kamil
Natura: Capitolo di libro
Lingua:ceco
Soggetti:
Tags: Aggiungi Tag
Nessun Tag, puoi essere il primo ad aggiungerne!!

MARC

LEADER 00000naa$a2200000$$$4500
001 0060635
005 20221207084205.4
041 0 |a cze 
044 |a CZ 
245 1 0 |a Aktuálne problémy verejnej správy v stredoeurópskych krajinách združených v Európskej únií (s akcentom na státní správu)  |c Milan Březina, Kamil Tŕos 
520 |a Štruktúra návrhu koncepcie reformy verejnej správy je v súlade so súčasnou európskou koncepciou reforiem verejnej správy. Ťažisko koncepcie reformy verejnej správy. Podmienky úspešnosti reformy verejnej správy v Českej republike. Decentralizácia vo svetle súčasných európskych trendov. Hlavné problémy súčasnej verejnej správy v Čechách. Funkcia verejnej správy. Globálne tendencie vo verejnej správe. Tlak na minimalizáciu verejných rozpočtov. Narastajúci význam verejnej správy. Verejná kontrola v ČR. 
610 2 0 |a správa verejná 
610 2 0 |a reformy 
610 2 0 |a decentralizácia 
610 2 0 |a podnikanie 
610 2 0 |a rozpočty verejné 
610 2 0 |a riadenie 
610 2 0 |a kontrola 
610 2 0 |a Česko 
100 1 |a Březina, Milan 
700 1 |a Tŕos, Kamil